000 00575nam a22002297a 4500
003 UA-OsUOA
001 97151
007 ta
008 20130326b un ||||| |||| 00| 0 ukr d
100 _aНосов Н.
090 _a821.161.1
_bН84
942 _cBK
040 _aUA-OsUOA
_brus
_cUA-OsUOA
_dUA-OsUOA
245 _aВеселая семейка
300 _a98 с.
955 _a2
041 _arus
080 _a821.161.1
260 _aМ.
_bДЕТГИЗ
_c1950
650 7 _a82 Література. Літературознавство
_2UDC
999 _c383408
_d383408